Un singular favor justamente correspondido. Sermón de la purísima Concepción de nuestra señora la Virgen María, que en la fiesta...

Detalles Bibliográficos
Autor principal: SAN CYRILO, Francisco de (Fray)
Formato: Libro
Publicado: 1784
Materias:
Colección:Banco de datos
Acervo:Biblioteca del Ex Convento de Nuestra Señora de Guadalupe. Zacatecas
Tema general:Homilética
Notas:Buena. XI,8,5(3726). Encuadernado en un solo volumen con 10 sermones más a la Virgen María. Sin marca de fuego
LEADER 00864nam a22001930004500
035 |a 42746 
036 |a 3930 
100 1 |a SAN CYRILO, Francisco de (Fray) 
245 1 0 |a Un singular favor justamente correspondido. Sermón de la purísima Concepción de nuestra señora la Virgen María, que en la fiesta... 
260 |b Joseph Joaquín de Zúñiga y Ontiveros  |c 1784 
500 |a Buena. XI,8,5(3726). Encuadernado en un solo volumen con 10 sermones más a la Virgen María. Sin marca de fuego 
650 1 0 |a Homilética 
949 |a CRZ-CG 
959 |a Ex convento de Nuestra Señora de Guadalupe, Museo Regional de Zacatecas, Zacatecas  |b CCC4 
960 |a Convento de Nuestra Señora de Guadalupe, Zacatecas  |b DD87 
961 |a Franciscana  |b OF 
942 |c CRZ-CG 
943 |g Biblioteca del Ex Convento de Nuestra Señora de Guadalupe. Zacatecas 
999 |c 966873  |d 966873